| 000 | 01064nam a2200289 i 4500 | ||
|---|---|---|---|
| 003 | EG-GICUC | ||
| 005 | 20260404074952.0 | ||
| 008 | 260404s1936 fr ||||fr|||| 00| 0 fre d | ||
| 040 |
_aEG-GiCUC _cEG-GiCUC _dEG-GiCUC _eRda _bfre |
||
| 082 | 0 | 4 |
_221 _a341.22 _bCH . E |
| 092 | 0 | 4 | _221 |
| 099 | _aLaw1 11 341.22 CH . E 1936 | ||
| 100 | 1 |
_aChandan, K. S _eAuteur |
|
| 245 | 1 | 3 |
_aL'europe a L'aube De 1936 : _bLa Société Des Nations Devant La Suprême Épreuve 1937) Les Conflits Internationaux Facolte De Profe L'angoisse De La Guerre Ou Le Triomphe De La Paix? / _cK. S. Chandan. |
| 264 | 1 |
_aParis : _bPublications Contemporaines France-balkans, _c1936. |
|
| 300 |
_a395page : _billustration ; _c 24 cm. |
||
| 336 |
_2rda contenu _a texte |
||
| 337 |
_2rda medias _aOrdinateur |
||
| 338 |
_2 transporteur rda _a Ressource en ligne |
||
| 504 | _a | ||
| 546 | _aTexte en français | ||
| 650 | 1 | 4 | _2Droit international public |
| 651 | 1 | _2 | |
| 856 | 4 | 0 | _uhttps://fll.law.cu.edu.eg/fulltext/bks/B11-08391.pdf |
| 905 | _a50 | ||
| 942 |
_2ddc _cBK _e21 _n0 |
||
| 999 |
_c68558 _d68558 |
||